000 00665cam a22002051 4500
001 sa 62000817
003 DLC
005 20260227111916.0
008 840716s1957 ii 000 0 eng
010 _asa 62000817
035 _a(OCoLC)10955906
040 _aDLC
_cCLS
_dNSyU
_dDLC
042 _apremarc
050 0 0 _aPK5401
_b.G6
100 1 _aGokak, Vinayak Krishna,
_d1909-1992.
245 1 0 _aLiteratures in modern Indian languages;
_ba series of broadcasts from All India Radio.
260 _aDelhi,
_bMinistry of Information and Broadcasting, Publications Division
_c[1957]
300 _a332 p.
_c22 cm.
650 0 _aIndic literature
_xHistory and criticism.
999 _c53052
_d53052